| 000 | 00482nam a2200145 i 4500 | ||
|---|---|---|---|
| 001 | 184934 | ||
| 003 | ES-MaACL | ||
| 005 | 20230906222318.0 | ||
| 008 | 160219s1929 sp |||| | spa d | ||
| 100 | 1 |
_aMartí Jara, Enrique. _977221 |
|
| 245 | 1 | 3 |
_aEl rey y el pueblo _b: el constitucionalismo de la postguerra y la propuesta de constitución española / _cpor Enrique Martí Jara. |
| 260 |
_aMadrid : _bReus, _c1929. |
||
| 300 |
_a352 p. ; _c21 cm. |
||
| 852 |
_aES-MaACL _jB-3963 |
||
| 999 |
_c184934 _d184934 |
||